000 00418nam a22001577a 4500
005 20251203101321.0
008 251203b |||||||| |||| 00| 0 eng d
020 _a0-421-85760-9
050 _aKD 1480.H39 2003
100 _aHAYTON D.J
245 _aFUNDAMENTAL PRINCIPLES OF LAW
_bTHE LAW TRUSTS
260 _aLONDON
_bSWEET AND MAXWEL
_c2003
300 _aX,215
500 _aINCLUDES AN INDEX
942 _2lcc
_cBK
999 _c216331
_d216331